| 000 | 00688nam a2200301Ia 4500 | ||
|---|---|---|---|
| 005 | 20260401122344.0 | ||
| 008 | 008 250103s9999 xx 000 0 eng d | ||
| 020 | _a9780826485588 | ||
| 037 | _aTB | ||
| 040 | _aEDL | ||
| 040 | _beng | ||
| 040 | _cEDL | ||
| 041 | _2eng | ||
| 041 | _aeng | ||
| 084 | _a823.912 CHI | ||
| 084 | _qEDL | ||
| 100 |
_aChilds, Peter _9901974 |
||
| 245 | 0 | _aModernism and the Post-Colonial: Literature and Empire 1885-1930 | |
| 245 | 0 | _cChilds, Peter | |
| 260 | _aLondon | ||
| 260 | _bContinuum | ||
| 260 | _c2007 | ||
| 300 | _a152p | ||
| 942 | _cTB | ||
| 942 | _h823.912 CHI | ||
| 999 |
_c1846741 _d1846741 |
||